00726cam a22002297a 4500003000500000005001700005008004100022010000900063011000900072035000900081040000900090082001700099100007800116245006300194260004000257300001900297490005100316500001200367650002400379650004200403830005100445CHAP20220817040941.0971013s2002 r 00010 d a3306 a4278 a3480 cCHAP a338.1736bG700aGrupo de Países Latinoamericanos y del Caribe Exportadores de Azúcar. 0aManual sobre comercialización internacional del azúcar a(México, D.F.) :bEl Grupo,c1989 a551 p.b: ilus 0aCol. GEPLACEA. Serie: Mercado y estadísticas aD49-12013aIndustria azucarera14aTratado Trilateral de Libre Comercio.0 aCol. GEPLACEA. Serie: Mercado y estadísticas